000 00340 a2200145 4500
005 20250628090356.0
020 _a0-02-6444038-5
082 _a657 GLE
100 _aGLENCOE
245 _aAccounting: Real World Application & Connection
250 _a4th Ed.
260 _aNew York,
_bMcGraw Hill,
300 _aV, 55p.;
942 _2ddc
_cBKS
999 _c5915
_d5915